| 000 | 00416 a2200121 4500 | ||
|---|---|---|---|
| 001 | ART_45069 | ||
| 005 | 20260410162038.0 | ||
| 008 | 260409a | ||
| 245 | 1 | 0 | _aEl mercado de trabajo en el Gran La Plata durante los años noventa |
| 100 | 1 | _aEguía, Amalia | |
| 700 | 1 | _aPiovani, Juan Ignacio | |
| 773 | 0 |
_tRevista de estudios regionales y mercado de trabajo _g- N° 3 (ene./dic. 2007) _wREV44894 |
|
| 999 |
_c34642 _d34642 |
||